[Event "21st Muensterland Open"]
[Site "Senden GER"]
[Date "2003.10.18"]
[Round "3"]
[White "Felczer,K"]
[Black "Pinter,J"]
[Result "1/2-1/2"]
[WhiteElo "2223"]
[BlackElo "2518"]

1.e4 c5 2.c3 Nf6 3.e5 Nd5 4.d4 cxd4 5.Nf3 Nc6 6.Bc4 Nb6 7.Bb3 d5 8.exd6 Qxd6
9.O-O Be6 10.Bxe6 Qxe6 11.Nxd4 Nxd4 12.cxd4 Qd7 13.Nc3 Rd8 14.Qf3 e6 15.Be3 Be7
16.d5 Nxd5 17.Bxa7 Nxc3 18.Qxc3 O-O 19.Bb6 Rc8 20.Qb3 Bf6 21.Rfd1 Qc6 22.h3 h6
23.Rd2 Qe4 24.Rad1 Rc4 25.Qe3 Qh4 26.Rd7 Rc2 27.Bd4 b5 28.a3 Rfc8 29.b3 Ra2
30.Bxf6 Qxf6 31.Qa7 Ra1 32.Rxa1 Qxa1+ 33.Kh2 Qe5+ 34.g3 Qf6 35.Qd4 e5 36.Qd2 Qe6
37.Qd3 e4 38.Qxb5 e3 39.Rd1 exf2 40.Rf1 Qe1 41.Qd3 Rc3 42.Qd8+ Kh7 43.Qd1 Qxd1
44.Rxd1 Rxb3 45.Rf1 Rxa3 46.Rxf2 Kg6 47.h4 f6 48.Kh3 f5 49.Rf4 Re3 50.Ra4 Kf6
51.Ra6+ Re6 52.Ra8 Ke5 53.Ra5+ Kf6 54.Ra8 g5 55.hxg5+ hxg5 56.Ra2 Re3 57.Kg2 Kg6
58.Rb2 Kh5 59.Ra2 Kg4 60.Ra4+ Re4 61.Ra2 Rb4 62.Rc2 f4 63.gxf4 gxf4 64.Rc3 Rb2+
65.Kf1 Rh2 66.Ra3 Rc2 67.Rb3 Rd2 68.Ra3 Kf5 69.Rb3 Ke4 70.Ra3 Rh2 71.Rb3 Rh5
72.Ra3 Rh8 73.Rb3 Kf5 74.Ra3 Kg4 75.Rb3 f3 76.Rb7 Rh1+ 77.Kf2 Rh2+ 78.Kf1  1/2-1/2

[Event "VII Taca BCX"]
[Site "Brasilia BRA"]
[Date "2003.10.20"]
[Round "2"]
[White "De Andrade,W"]
[Black "Coelho,L"]
[Result "0-1"]
[WhiteElo "2163"]
[BlackElo "2378"]

1.e4 c5 2.c3 Nf6 3.e5 Nd5 4.g3 Nc6 5.Bg2 Qc7 6.f4 e6 7.Nf3 d6 8.Qe2 dxe5
9.Nxe5 Nxe5 10.fxe5 Be7 11.O-O O-O 12.d3 Bd7 13.Nd2 Rad8 14.Nf3 Bc6 15.Bd2 Rd7
16.Rad1 h6 17.Nh4 Bxh4 18.gxh4 Ne7 19.Bxc6 Qxc6 20.Rf6 Nf5 21.Qg4 Rxd3 22.Rf1 Rxd2  0-1

[Event "21st Muensterland Open"]
[Site "Senden GER"]
[Date "2003.10.20"]
[Round "5"]
[White "Michalczak,T"]
[Black "Sawadkuhi,M"]
[Result "1/2-1/2"]
[WhiteElo "2339"]
[BlackElo "2259"]

1.e4 c5 2.c3 Nf6 3.e5 Nd5 4.d4 cxd4 5.Nf3 e6 6.cxd4 b6 7.Bc4 Bb7 8.O-O Na6
9.Bg5 Be7 10.Bxe7 Qxe7 11.Nbd2 f5 12.exf6 gxf6 13.Nh4 Nac7 14.Re1 O-O-O 15.Bf1 Rdg8
16.Nc4 Rg5 17.Nf3 Rg6 18.Nh4 Rg5 19.Nf3 Rg7 20.Qd2 Rhg8 21.g3 f5 22.Ne3  1/2-1/2

[Event "300 Years Women"]
[Site "St Petersburg RUS"]
[Date "2003.10.21"]
[Round "4"]
[White "Donets,V"]
[Black "Lupik,M"]
[Result "1-0"]
[WhiteElo "2155"]
[BlackElo "2101"]

1.e4 c5 2.c3 Nf6 3.e5 Nd5 4.d4 cxd4 5.Nf3 Nc6 6.cxd4 e6 7.Bc4 Nb6 8.Bb3 d6
9.O-O Qc7 10.Qe2 dxe5 11.dxe5 Be7 12.Nc3 a6 13.Re1 Bd7 14.Bf4 Na5 15.Bc2 Bc6
16.Rac1 Rd8 17.Bb1 Qb8 18.Ng5 Bd5 19.Nxd5 Nxd5 20.Qh5 g6 21.Qg4 Nc6 22.h4 h5
23.Qg3 Rg8 24.Be4 Nd4 25.Bxd5 Rxd5 26.Qc3 Qd8 27.Ne4 Nb5 28.Qb3 Rd7 29.Bg5 Kf8
30.Bxe7+ Rxe7 31.Nf6 Rh8 32.Red1 Qa5 33.a4 Na7 34.Qa3 Nc6 35.Rd7 Nb4 36.Rc8+ Kg7
37.Rxh8 Kxh8 38.Rxe7 Kg7 39.Qc3  1-0

[Event "Classics II GM"]
[Site "Gausdal NOR"]
[Date "2003.10.22"]
[Round "2"]
[White "Afek,Y"]
[Black "Hutters,T"]
[Result "1/2-1/2"]
[WhiteElo "2376"]
[BlackElo "2418"]

1.e4 c5 2.c3 Nf6 3.e5 Nd5 4.Nf3 Nc6 5.d4 cxd4 6.cxd4 d6 7.Bc4 Nb6 8.Bb5 dxe5
9.Nxe5 Bd7 10.Nxd7 Qxd7 11.Nc3 e6 12.O-O Be7 13.Qg4 O-O 14.Rd1 Nd5 15.Bh6 Bf6
16.Ne4 Qe7 17.Bxc6 bxc6 18.Rac1 Kh8 19.Bg5 Bxg5 20.Nxg5 Rab8 21.b3 h6 22.Nf3 Qa3
23.Ne5 Qxa2 24.Nd7 Nf6 25.Nxf6 gxf6 26.Qf4 Kh7 27.Qxf6 Qxb3 28.h3 Rbd8 29.Rd2 Qd5
30.Rc3 Qg5 31.Qxg5 hxg5 32.Rxc6 Rd7 33.Ra2 Rb8 34.Rca6 Rbb7  1/2-1/2

[Event "WYb14"]
[Site "Halkidiki GRE"]
[Date "2003.10.23"]
[Round "1"]
[White "Cartas,O"]
[Black "Zhigalko,S"]
[Result "0-1"]
[WhiteElo "2084"]
[BlackElo "2460"]

1.e4 c5 2.c3 Nf6 3.e5 Nd5 4.d4 cxd4 5.cxd4 Nc6 6.Nf3 d6 7.Be2 e6 8.O-O Be7
9.Nc3 Nxc3 10.bxc3 dxe5 11.dxe5 Qa5 12.Qb3 O-O 13.Bf4 Qc7 14.Nd4 Nxe5 15.Kh1 Qc5
16.Be3 Qa5 17.Rfd1 Ng6 18.Bf3 e5 19.Nb5 Nh4 20.Be4 Nf5 21.Bxf5 Bxf5 22.Nd6 Bg4
23.Rd5 Qc7 24.Nb5 Qb8 25.c4 Be6 26.Rd2 Rc8 27.Rc1 a6 28.Na3 b5 29.Rdc2 h6
30.Qb2 b4 31.Nb1 a5 32.Nd2 Bf5 33.Nf3 Bxc2 34.Rxc2 Bf6 35.c5 e4 36.Nd4 Rd8
37.c6 Qc7 38.g3 Rd5 39.a4 bxa3 40.Qb7 Ra7 41.Qxc7 Rxc7 42.Bf4 Be5 43.Bxe5 Rxe5
44.Ne2 Rb5  0-1

[Event "300 Years"]
[Site "St Petersburg RUS"]
[Date "2003.10.23"]
[Round "6"]
[White "Akimov,D"]
[Black "Smirnov,Ar"]
[Result "1/2-1/2"]
[WhiteElo "2270"]
[BlackElo "2358"]

1.e4 c5 2.c3 Nf6 3.e5 Nd5 4.d4 cxd4 5.Nf3 Nc6 6.Bc4 Nb6 7.Bb3 d5 8.exd6 Qxd6
9.O-O Be6 10.Na3 dxc3 11.Qe2 Bxb3 12.Nb5 Qb8 13.axb3 g6 14.Be3 Nc8 15.g3 Bg7
16.Bf4 e5 17.Nxe5 Nxe5 18.Bxe5 Bxe5 19.f4 O-O 20.fxe5 cxb2 21.Rae1 Ne7 22.Qxb2 Nc6
23.Nd6 Qc7 24.Rf6 Qb6+ 25.Kh1 Qc5 26.Qe2 a5 27.Qe4 Qd4 28.Nxb7 Qxe4+ 29.Rxe4 Ra7
30.Nd6 Re7 31.Nxf7 Nxe5 32.Nh6+ Kg7 33.Rxf8 Kxf8 34.Ng4 Nc6 35.Rc4 Re6 36.Nf2 Ke7
37.Ne4 Ke8 38.Kg2 h6 39.h3 Ke7 40.g4 Kd8 41.Nc5 Re2+ 42.Kf3 Rh2 43.Kg3 Rh1
44.Ne6+ Kd7 45.Nc5+ Ke7 46.Nb7 Kd7  1/2-1/2

[Event "300 Years"]
[Site "St Petersburg RUS"]
[Date "2003.10.23"]
[Round "6"]
[White "Vysochin,S"]
[Black "Bocharov,D"]
[Result "1/2-1/2"]
[WhiteElo "2584"]
[BlackElo "2527"]

1.e4 c5 2.c3 Nf6 3.e5 Nd5 4.Nf3 Nc6 5.d4 cxd4 6.cxd4 d6 7.Bc4 Nb6 8.Bb3 dxe5
9.d5 Na5 10.Nc3 Bg4 11.Ba4+ Nxa4 12.Qxa4+ Bd7 13.Qe4 f6 14.Be3 Rc8 15.Nd2 b5
16.f4 exf4 17.Bxf4 Nc4 18.O-O Qb6+ 19.Kh1 g5 20.Nxc4 Rxc4 21.Be3 Qc7 22.Qd3 Bg7
23.a4 bxa4 24.d6 Qc6 25.dxe7 Be6 26.Rae1 Kf7 27.Bxg5 Rg4 28.Ne4 Bd5 29.Bf4 Re8
30.Qh3 Bxe4 31.Qxg4 Rxe7 32.Bd2 f5 33.Qh3 Re6 34.Rxf5+ Bxf5 35.Qxf5+ Rf6
36.Qxh7 Qb5 37.Rg1 Qxb2 38.Qh5+ Kg8 39.Qd5+ Rf7 40.Rf1 Qb3 41.Qd8+ Rf8 42.Rxf8+ Bxf8
43.Qg5+ Kf7 44.Qf4+ Ke8 45.h4 a3 46.Qe5+ Kd7 47.Qf5+ Ke8 48.Qc8+ Kf7 49.Qf5+ Ke8  1/2-1/2

[Event "Classics II GM"]
[Site "Gausdal NOR"]
[Date "2003.10.25"]
[Round "6"]
[White "Afek,Y"]
[Black "Quinn,M"]
[Result "1/2-1/2"]
[WhiteElo "2376"]
[BlackElo "2411"]

1.e4 c5 2.c3 Nf6 3.e5 Nd5 4.Nf3 Nc6 5.d4 cxd4 6.cxd4 d6 7.Bc4 Nb6 8.Bb5 dxe5
9.Nxe5 Bd7 10.Nxd7 Qxd7 11.Nc3 Rd8 12.Be3 a6 13.Bxc6 Qxc6 14.O-O e6 15.Qg4 f5
16.Qg3 Kf7 17.Rac1 Bd6 18.Qh3 Nd5 19.Ne4 Qd7 20.Ng5+ Kg8 21.Rfe1 h6 22.Nf3 Re8
23.g3 Kh7 24.Rc2 Rhf8 25.Rce2 Kg8 26.Bd2 Rf6 27.a3 Rc8 28.Qf1 Rc2 29.Bc1 Rc6
30.Bd2 Bb8 31.Rc1 Rf8 32.Rxc6 Qxc6 33.Re1 f4 34.Qe2 fxg3 35.hxg3 Rf5 36.Nh2 Kf7
37.Ng4 h5 38.Rc1 Qb6 39.Ne3 Nxe3 40.Bxe3 Qb5 41.Qc2 Bd6 42.Qc8 h4 43.g4 Rd5
44.Re1 Be7 45.b4 Rd7 46.Bf4 Qd5 47.Be5 Qf3 48.Re3 Qxg4+ 49.Kh2 Qf5 50.Kg2 Qg4+
51.Kh2 Qf5  1/2-1/2

[Event "CCAS Open"]
[Site "Cap d'Agde FRA"]
[Date "2003.10.26"]
[Round "5"]
[White "Sveshnikov,E"]
[Black "Van Elst,A"]
[Result "1-0"]
[WhiteElo "2557"]
[BlackElo "2283"]

1.e4 c5 2.c3 Nf6 3.e5 Nd5 4.Nf3 e6 5.Bc4 d6 6.d4 cxd4 7.cxd4 Nc6 8.O-O Be7
9.Qe2 O-O 10.Re1 Bd7 11.Nc3 Nxc3 12.bxc3 dxe5 13.dxe5 Qa5 14.Rb1 Rab8 15.Rb5 Qa4
16.Bb3 Qg4 17.h3 Qh5 18.Kh2 a6 19.g4 Qg6 20.Bc2 f5 21.Rb1 Nd8 22.Nd4 Bc5
23.gxf5 Qf7 24.f6 Kh8 25.Bg5 Nc6 26.Rg1 Nxd4 27.cxd4 Bxd4 28.fxg7+ Qxg7 29.Bf6  1-0

[Event "18th Open"]
[Site "Le Touquet FRA"]
[Date "2003.10.27"]
[Round "2"]
[White "Aveline,P"]
[Black "Bagaturov,G"]
[Result "1-0"]
[WhiteElo "2176"]
[BlackElo "2424"]

1.e4 c5 2.c3 Nf6 3.e5 Nd5 4.d4 cxd4 5.Nf3 Nc6 6.cxd4 d6 7.Bc4 e6 8.O-O Be7
9.Re1 O-O 10.exd6 Bxd6 11.Nc3 Nxc3 12.bxc3 Be7 13.Qe2 b6 14.Bd3 Bb7 15.h4 Na5
16.Ng5 g6 17.Nxh7 Qd5 18.Be4 Qxe4 19.Qxe4 Bxe4 20.Nxf8 Bc6 21.Nxg6 fxg6 22.Rxe6 Kf7
23.Re3 Bxh4 24.Rh3 Bf6 25.Bf4 g5 26.Be5 Bxe5 27.dxe5 Kg6 28.Re1 Re8 29.g4 Nc4
30.e6 Nd2 31.Ree3 Nc4 32.Re1 Nd2 33.Ree3 Ne4 34.f3 Nf6 35.c4 Bb7 36.Rh2 Bc8
37.Rhe2 Re7 38.Re5 Ne8 39.c5 bxc5 40.Rxc5 Bb7  1-0

[Event "WYb16"]
[Site "Halkidiki GRE"]
[Date "2003.10.28"]
[Round "6"]
[White "Ragger,M"]
[Black "Soskov,V"]
[Result "1/2-1/2"]
[WhiteElo "2334"]
[BlackElo "2262"]

1.e4 c5 2.c3 Nf6 3.e5 Nd5 4.Nf3 Nc6 5.d4 cxd4 6.Bc4 Nb6 7.Bb3 d6 8.exd6 Qxd6
9.O-O Be6 10.Na3 dxc3 11.Qe2 Bxb3 12.Nb5 Qb8 13.axb3 e5 14.Nbd4 Nxd4 15.Nxd4 f6
16.bxc3 Kf7 17.Nb5 a6 18.Be3 axb5 19.Bxb6 Rxa1 20.Rxa1 Qe8 21.Ra5 Qc6 22.Qxb5 Qxc3
23.Qd5+ Kg6 24.h4 Qc1+ 25.Kh2 Qc6 26.h5+ Kh6 27.Be3+ g5 28.Qd1 Be7 29.Rd5 Rc8
30.Qd3 Qe8 31.Rd7 Qxh5+ 32.Kg1 Ra8 33.Qb1 Rd8 34.Qd3 Qe8 35.Rd5 Rxd5 36.Qxd5 Qc6
37.Qf7 Qd6 38.g4 Qd7 39.Kh2 e4 40.Kh3 Qd6 41.Kg2 Qe5 42.Bd4 Qxd4 43.Qxe7 e3
44.Qf8+  1/2-1/2

[Event "WYb16"]
[Site "Halkidiki GRE"]
[Date "2003.10.28"]
[Round "6"]
[White "Mankeyev,Raua"]
[Black "Papin,V"]
[Result "0-1"]
[WhiteElo "2254"]
[BlackElo "2397"]

1.e4 c5 2.c3 Nf6 3.e5 Nd5 4.d4 cxd4 5.Nf3 e6 6.cxd4 b6 7.Nc3 Bb7 8.Bd3 Nxc3
9.bxc3 d6 10.O-O Nd7 11.Re1 h6 12.Ba3 Qc7 13.c4 dxe5 14.Bxf8 Kxf8 15.Nxe5 Nxe5
16.dxe5 Rd8 17.Qc2 g6 18.Re3 Kg7 19.Rae1 Rd4 20.Rg3 g5 21.Qd2 Rhd8 22.h4 Rxh4
23.Qe2 Qc5 24.Qc2 Qd4 25.Qa4 Rh1+ 26.Kxh1 Qxf2 27.Ree3 Rd4 28.Be4 Bxe4 29.Rxe4 Rxe4
30.Qb3 Re1+  0-1

[Event "18th Open"]
[Site "Le Touquet FRA"]
[Date "2003.10.29"]
[Round "4"]
[White "Aveline,P"]
[Black "Goloshchapov,A"]
[Result "0-1"]
[WhiteElo "2176"]
[BlackElo "2574"]

1.e4 c5 2.c3 Nf6 3.e5 Nd5 4.d4 cxd4 5.Nf3 e6 6.cxd4 b6 7.Nc3 Nxc3 8.bxc3 Qc7
9.Bd2 Bb7 10.Bd3 d6 11.O-O Nd7 12.Ng5 dxe5 13.Qh5 g6 14.Qh3 Be7 15.Rae1 a6
16.f4 e4 17.Nxe4 Bd5 18.a4 f5 19.Ng5 Bxg5 20.fxg5 O-O 21.Bf4 Qc6 22.c4 Bxc4
23.Bxc4 Qxc4 24.Qe3 Rfe8 25.Rc1 Qd5 26.Rc7 Rac8 27.Rfc1 Rxc7 28.Rxc7 e5 29.h3 Re6
30.dxe5 Nf8 31.Qg3 Qd1+ 32.Kh2 Qxa4 33.Qf3 b5 34.Bg3 Qe4 35.Qb3 f4 36.Bf2 Qxe5
37.Rc5 Qd6 38.Rd5 Qc7 39.Bc5 Qf7 40.Bxf8 Re5  0-1

[Event "LXVIII ch-ESP Abierto"]
[Site "Burgos ESP"]
[Date "2003.10.30"]
[Round "7"]
[White "Martin Blanco,F"]
[Black "Balado Saez,S"]
[Result "1/2-1/2"]
[WhiteElo "2128"]
[BlackElo "2264"]

1.e4 c5 2.c3 Nf6 3.e5 Nd5 4.d4 cxd4 5.cxd4 Nc6 6.Nf3 d6 7.Bc4 Nb6 8.Bb3 dxe5
9.Nxe5 e6 10.Nxc6 bxc6 11.O-O Ba6 12.Re1 Be7 13.Nc3 O-O 14.Ne4 Nd5 15.Qf3 Qb6
16.Rd1 Rad8 17.Bg5 Bxg5 18.Nxg5 Nf6 19.Qe3 Rd6 20.Rac1 Rfd8 21.Nf3 Bb7 22.h3 a5
23.Rc5 h6 24.Rdc1 Ra8 25.a4 Nd5 26.Bxd5 exd5 27.Qc3 f6 28.Nd2 Re6 29.Nb3 Re2
30.Rxa5 Rxa5 31.Nxa5 Rxb2 32.Nxb7 Qxb7 33.a5 Ra2 34.Ra1 Rxa1+ 35.Qxa1 Qa6
36.Qc3 Kf7 37.g3 Ke6 38.Kg2 g5 39.g4 Kd7 40.Qc5 Qd3  1/2-1/2

[Event "WYb14"]
[Site "Halkidiki GRE"]
[Date "2003.10.30"]
[Round "8"]
[White "Krivoborodov,E"]
[Black "Sanikidze,T"]
[Result "1-0"]
[WhiteElo "2359"]
[BlackElo "2269"]

1.e4 c5 2.c3 Nf6 3.e5 Nd5 4.Nf3 e6 5.d4 cxd4 6.cxd4 d6 7.Bc4 Nb6 8.Bb3 dxe5
9.Nxe5 N8d7 10.O-O Nxe5 11.dxe5 Qxd1 12.Rxd1 Bd7 13.Nc3 Bc6 14.Be3 Nd7 15.f4 Bc5
16.Bxc5 Nxc5 17.Bc4 Ke7 18.Bb5 Rhd8 19.Bxc6 bxc6 20.g3 Rxd1+ 21.Rxd1 Rd8
22.Rxd8 Kxd8 23.Kf1 f6 24.exf6 gxf6 25.Ke2 h5 26.Ke3 Ke7 27.Kd4 Nd7 28.Ne4 e5+
29.fxe5 Nxe5 30.Kc5 Ke6 31.a4 Kf5 32.Nf2 Ng4 33.Nxg4 Kxg4 34.Kxc6 Kh3 35.b4 Kxh2
36.b5 Kxg3 37.a5 h4 38.b6 axb6 39.axb6 h3 40.b7 h2 41.b8=Q+ Kg2 42.Qb2+ Kg1
43.Qc1+ Kg2 44.Qd2+ Kg1 45.Qe1+ Kg2 46.Qe2+ Kg1 47.Qg4+ Kf2 48.Qh3 Kg1 49.Qg3+ Kh1
50.Qf2  1-0

[Event "WYb14"]
[Site "Halkidiki GRE"]
[Date "2003.10.30"]
[Round "8"]
[White "Zhigalko,S"]
[Black "Khairullin,I"]
[Result "1/2-1/2"]
[WhiteElo "2460"]
[BlackElo "2455"]

1.e4 c5 2.c3 Nf6 3.e5 Nd5 4.Nf3 Nc6 5.Bc4 Nb6 6.Bb3 g6 7.d4 cxd4 8.Ng5 d5
9.exd6 e6 10.Qf3 Ne5 11.Qg3 Bxd6 12.Ne4 Nec4 13.Qd3 Ne5 14.Qg3 Nec4 15.Qd3 Ne5
16.Qxd4 Bc7 17.Bg5 Qxd4 18.cxd4 Nc6 19.Nf6+ Kf8 20.Bh6+ Ke7 21.Bg7 Rd8 22.Nxh7 Nd7
23.d5 Be5 24.Bxe5 Ncxe5 25.dxe6 Nd3+ 26.Ke2 Nf4+ 27.Ke3 Nxg2+ 28.Kf3 Nh4+
29.Kg4 Nc5 30.Kxh4 Rh8 31.exf7  1/2-1/2

[Event "18th Open"]
[Site "Le Touquet FRA"]
[Date "2003.10.30"]
[Round "5"]
[White "Luco,A"]
[Black "Cotton,P"]
[Result "1-0"]
[WhiteElo "2114"]
[BlackElo "2001"]

1.e4 c5 2.c3 Nf6 3.e5 Nd5 4.d4 cxd4 5.Nf3 e6 6.cxd4 b6 7.Be2 Be7 8.O-O O-O
9.Nc3 Bb7 10.Ne1 d6 11.f4 dxe5 12.fxe5 Nc6 13.Nxd5 Qxd5 14.Bf3 Qd7 15.Be3 Rad8
16.Rc1 Nb4 17.Bxb7 Qxb7 18.Qg4 Kh8 19.Rf3 Nd5 20.Bf2 h6 21.Rg3 Rg8 22.Nf3 Rc8
23.Rf1 Rc2 24.Qe4 Qc7 25.Be3 Re2 26.Re1 Rxe1+ 27.Nxe1 Nxe3 28.Qxe3 Bg5 29.Rxg5  1-0

[Event "WYb16"]
[Site "Halkidiki GRE"]
[Date "2003.11.01"]
[Round "10"]
[White "Ragger,M"]
[Black "Wen Yang"]
[Result "1-0"]
[WhiteElo "2334"]
[BlackElo "2271"]

1.e4 c5 2.c3 Nf6 3.e5 Nd5 4.Nf3 e6 5.d4 cxd4 6.cxd4 b6 7.Nc3 Nxc3 8.bxc3 Qc7
9.Be2 d6 10.O-O Nd7 11.Bf4 Be7 12.Re1 O-O 13.Bd3 dxe5 14.Nxe5 Nxe5 15.Bxe5 Bd6
16.Bxh7+ Kxh7 17.Qh5+ Kg8 18.Bxg7 f5 19.Qh8+ Kf7 20.Bxf8 Bxf8 21.d5 exd5
22.Re5 Bg7 23.Qe8+ Kf6 24.Rae1 d4  1-0

[Event "Curacao Open"]
[Site "Willemstad AHO"]
[Date "2003.11.01"]
[Round "7"]
[White "Blauert,J"]
[Black "Ozolins,A"]
[Result "0-1"]
[WhiteElo "2359"]
[BlackElo "2289"]

1.e4 c5 2.c3 Nf6 3.e5 Nd5 4.d4 cxd4 5.Nf3 e6 6.Bc4 Nc6 7.cxd4 Be7 8.O-O O-O
9.Bxd5 exd5 10.Nc3 d6 11.Nxd5 Bg4 12.Bf4 dxe5 13.dxe5 Bc5 14.Be3 Bxe3 15.Nxe3 Qxd1
16.Rfxd1 Bxf3 17.gxf3 Nxe5 18.f4 Nc6 19.Rd7 Rab8 20.Rad1 Rfd8 21.Nc4 Kf8
22.Ne5 Ke8 23.Nxc6 bxc6 24.Rxd8+ Rxd8 25.Rxd8+ Kxd8 26.Kg2 Kd7 27.Kf3 Kd6
28.Ke4 g6 29.b4 f6 30.Kd4 Kd7 31.Kc5 Kc7 32.b5 cxb5 33.Kxb5 Kb7 34.Kc5 Kc7
35.Kd5 Kd7 36.f3 h6 37.f5 gxf5 38.f4 h5 39.h4 a6 40.a4  0-1

[Event "TCh-BEL 2003-4"]
[Site "Belgium BEL"]
[Date "2003.11.02"]
[Round "3"]
[White "Lemmers,O"]
[Black "Wemmers,X"]
[Result "0-1"]
[WhiteElo "2379"]
[BlackElo "2337"]

1.e4 c5 2.c3 Nf6 3.e5 Nd5 4.Nf3 e6 5.Bc4 d6 6.d4 cxd4 7.cxd4 Be7 8.O-O O-O
9.Re1 Bd7 10.Bxd5 exd5 11.Qb3 Bc6 12.e6 fxe6 13.Rxe6 Nd7 14.Nc3 Nb6 15.Bd2 Nc4
16.Qc2 Bd7 17.Ree1 Bc6 18.Bc1 Kh8 19.Ne2 Qd7 20.b3 Nb6 21.Bg5 Rxf3 22.Bxe7 Rf7
23.Bh4 Re8 24.Qd2 Qf5 25.Nc3 Qg6 26.Rxe8+ Bxe8 27.Bd8 Nc8 28.Nxd5 Bc6 29.Ne3 Rf8
30.Bh4 Be4 31.Bg3 Nb6 32.f3 Bc6 33.d5 Bd7 34.a4 h6 35.a5 Nc8 36.Rc1 Re8 37.Kf2 Bb5
38.Rc7 b6 39.Qc3 Ne7 40.Bh4 Nxd5 41.Qxg7+ Qxg7 42.Rxg7 Kxg7 43.Nxd5 Re2+
44.Kg3 bxa5 45.Bd8 Rd2  0-1

[Event "WYb14"]
[Site "Halkidiki GRE"]
[Date "2003.11.02"]
[Round "11"]
[White "Zhigalko,S"]
[Black "Andriasian,Z"]
[Result "1-0"]
[WhiteElo "2460"]
[BlackElo "2311"]

1.e4 c5 2.c3 Nf6 3.e5 Nd5 4.Nf3 b6 5.d4 cxd4 6.cxd4 Bb7 7.Nc3 Nxc3 8.bxc3 Qc7
9.Bd2 e6 10.Bd3 d6 11.O-O Nd7 12.exd6 Bxd6 13.Re1 O-O 14.h3 Nf6 15.Ne5 Rfd8
16.Rc1 h6 17.Qb3 Rac8 18.a4 Bxe5 19.Rxe5 Qc6 20.f3 Nd7 21.Re3 Qd6 22.Rd1 Nf6
23.Re5 Bd5 24.Qb5 Bc6 25.Qb3 Qd7 26.Bc2 Bd5 27.Qb2 Ne8 28.Qc1 f5 29.Rde1 Nd6
30.R5e2 Rc6 31.Bd3 Rc7 32.Qa1 Rdc8 33.Rc1 Bc4 34.Bxc4 Nxc4 35.Bf4 Rc6 36.Qa2 Qd5
37.Qb3 a6 38.Qb4 Kf7 39.Be5 Rd8 40.Rce1 Rd7 41.Bf4 Re7 42.h4 Rd7 43.Kh2 Qa5
44.Qb3 b5 45.axb5 Qxb5 46.Qxb5 axb5 47.Rb1 Rb7 48.Ra2 Rc8 49.Ra6 Rd8 50.Rb4 Rd5
51.Kg3 Ke7 52.Rb1 Nb6 53.h5 Kf7 54.Be5 Nc4 55.Bf4 Nb6 56.Be5 Nc4 57.Bf4 Re7
58.Rc6 g5 59.hxg6+ Kxg6 60.Re1 Kf6 61.Bxh6 Re8 62.Bf4 Rd7 63.Rb1 Rd5 64.Rh1 Rg8+
65.Kf2 Rg6 66.Rh7 Rd8 67.Rcc7 b4 68.Be5+ Kg5 69.f4+ Kg4 70.g3  1-0

[Event "Masters"]
[Site "Rosny sous Bois FRA"]
[Date "2003.11.02"]
[Round "9"]
[White "Crut,A"]
[Black "Bogdanov,E"]
[Result "1-0"]
[WhiteElo "2357"]
[BlackElo "2217"]

1.e4 c5 2.c3 Nf6 3.e5 Nd5 4.d4 cxd4 5.Nf3 e6 6.cxd4 d6 7.Bc4 Nc6 8.O-O Be7
9.Qe2 O-O 10.Nc3 Nxc3 11.bxc3 dxe5 12.dxe5 b6 13.Bd3 Bb7 14.Qe4 g6 15.Bh6 Re8
16.Rad1 Na5 17.Qf4 Bxf3 18.Bxg6 hxg6 19.Rxd8 Rexd8 20.Qxf3 Rac8 21.Rd1 Rxd1+
22.Qxd1 Rxc3 23.Qd7 Nc6 24.Qe8+ Kh7 25.Bd2  1-0

[Event "1st Chesspangenberg Open"]
[Site "Buenos Aires ARG"]
[Date "2003.11.04"]
[Round "1"]
[White "Veron,J"]
[Black "Pierrot,F"]
[Result "0-1"]
[WhiteElo "1946"]
[BlackElo "2433"]

1.e4 c5 2.c3 Nf6 3.e5 Nd5 4.d4 cxd4 5.Nf3 Nc6 6.Bc4 Nb6 7.Bb3 d5 8.exd6 Qxd6
9.O-O Be6 10.Bxe6 Qxe6 11.Nxd4 Nxd4 12.Qxd4 Rd8 13.Qb4 Qc6 14.Na3 e6 15.Qb3 Bc5
16.Bg5 Rd5 17.Bh4 Qa4 18.Qxa4+ Nxa4 19.Rab1 Bxa3 20.bxa3 b6 21.Rbc1 O-O 22.c4 Rd4
23.Bg5 Rc8  0-1

[Event "ch-UKR"]
[Site "Simferopol UKR"]
[Date "2003.11.04"]
[Round "1"]
[White "Vysochin,S"]
[Black "Solovchuk,A"]
[Result "1-0"]
[WhiteElo "2584"]
[BlackElo "2342"]

1.e4 c5 2.c3 Nf6 3.e5 Nd5 4.Nf3 Nc6 5.d4 cxd4 6.Bc4 Nb6 7.Bb3 d5 8.exd6 Qxd6
9.O-O Bf5 10.Nxd4 Nxd4 11.cxd4 Bxb1 12.Rxb1 e6 13.Qf3 Qc6 14.Qg3 Nd5 15.Bd2 Qd6
16.Ba4+ Ke7 17.Qh4+ f6 18.Rfe1 Kf7 19.Bb3 g6 20.Re2 Re8 21.Rbe1 Bg7 22.Qg3 Qxg3
23.hxg3 f5 24.Rxe6 Rxe6 25.Bxd5 Re8 26.Bc3 b5 27.Rxe6 Rxe6 28.Bxe6+ Kxe6
29.d5+ Kf7 30.Bxg7 Kxg7 31.f4 Kf6 32.Kf2 Ke7 33.Ke3 Kd6 34.Kd4 a6 35.b3 h6
36.b4 g5 37.fxg5 hxg5 38.g4  1-0

[Event "1st Chesspangenberg Open"]
[Site "Buenos Aires ARG"]
[Date "2003.11.05"]
[Round "2"]
[White "Reides,M"]
[Black "Juarez,CE"]
[Result "0-1"]
[WhiteElo "2371"]
[BlackElo "2146"]

1.e4 c5 2.c3 Nf6 3.e5 Nd5 4.d4 cxd4 5.Nf3 d6 6.cxd4 Nc6 7.Bc4 dxe5 8.Bxd5 Qxd5
9.Nc3 Qa5 10.d5 Nb4 11.Nxe5 Bf5 12.O-O Rd8 13.Qf3 g6 14.Nxf7 Kxf7 15.g4 Nxd5
16.gxf5 Nf6 17.fxg6+ hxg6 18.Ne4 Qd5 19.Ng5+ Kg8 20.Qb3 Rh4 21.f3 Qxb3 22.axb3 a6
23.f4 Bh6 24.Ra4 Bxg5 25.fxg5 Rxa4 26.bxa4 Nh5 27.Be3 Ng7 28.Rc1 Nf5 29.Kf2 Rd3
30.Re1 Rb3 31.Bc1 Rb4 32.Re5 Rxa4 33.Re6 Rh4 34.Re5 Kf7 35.Kf3 Rc4 36.Bd2 Rc2
37.Bc3 Rxh2 38.Rc5 Rh3+ 39.Kf4 Rh4+ 40.Kf3 Nd6 41.Be5 Rb4 42.Rc7 Ke6 43.Bg7 Ne8
44.Bc3 Nxc7 45.Bxb4 Nd5 46.Bd2  0-1

[Event "ch-UKR"]
[Site "Simferopol UKR"]
[Date "2003.11.08"]
[Round "5"]
[White "Kislinsky,A"]
[Black "Pavlov,S2"]
[Result "1-0"]
[WhiteElo "2429"]
[BlackElo "2301"]

1.e4 c5 2.c3 Nf6 3.e5 Nd5 4.Nf3 b6 5.d4 cxd4 6.Bc4 Bb7 7.Nbd2 dxc3 8.Ne4 e6
9.O-O Ne3 10.Bxe3 Bxe4 11.bxc3 Qc7 12.Nd2 Bb7 13.Re1 Nc6 14.Bf4 d5 15.exd6 Bxd6
16.Bxd6 Qxd6 17.Qh5 O-O-O 18.Ne4 Qe7 19.Ng5 g6 20.Qg4 h5 21.Qf4 e5 22.Qg3 Rhf8
23.a4 Rd6 24.h4 f5 25.a5 f4 26.Qh3+ Kb8 27.axb6 axb6 28.Ba6 Qd7 29.Qxd7 Rxd7
30.Reb1 Bxa6 31.Rxa6 Rb7 32.c4 Rd8 33.Rba1 Na7 34.Ne4 Nc8 35.c5 Ra7 36.Rxa7 Nxa7
37.cxb6 Nc8 38.Rb1 Rd5 39.b7 Na7 40.Rb6 Rb5 41.Rxg6 Rxb7 42.f3 Re7 43.Rh6 Kc7
44.Rxh5 Nc6 45.Kh2 Rg7 46.Kh3 Kd8 47.Rh6 Nd4 48.Ra6 Nf5 49.h5 Ke7 50.h6 Rf7
51.Ra7+ Kf8 52.h7  1-0

[Event "TCh-AUT B Mitte 2003-4"]
[Site "St Veit AUT"]
[Date "2003.11.08"]
[Round "1"]
[White "Eichert,W"]
[Black "Mitter,G"]
[Result "1-0"]
[WhiteElo "2164"]
[BlackElo "2203"]

1.e4 c5 2.c3 Nf6 3.e5 Nd5 4.d4 cxd4 5.Nf3 d6 6.cxd4 Nc6 7.Bc4 e6 8.O-O Be7
9.Qe2 O-O 10.Rd1 Nb6 11.Bd3 Nb4 12.exd6 Qxd6 13.Be4 N4d5 14.Ne5 Nf6 15.Bd3 Nbd5
16.Nc3 Nxc3 17.bxc3 Bd7 18.c4 Ba4 19.Rd2 Qc7 20.Rb1 Rad8 21.Rdb2 b6 22.Be3 Rb8
23.Bf4 Qd8 24.c5 Nd5 25.Bg3 g6 26.c6 Bd6 27.Nd7 Bxg3 28.hxg3 Bxc6 29.Nxb8 Qxb8
30.Rc1 Bb7 31.Ba6 Rd8 32.Bxb7 Qxb7 33.Rbc2 Qd7 34.Qe5 f6 35.Qe2 Kf7 36.Rc6 Re8
37.Qc4 Re7 38.a3 Qb7 39.Rc8 b5 40.Qc6 a5 41.Qd6 Qd7 42.Qb8 b4 43.axb4 axb4
44.Rf8+ Kg7 45.Rg8+ Kh6 46.g4 e5 47.Rc5 Qxg4 48.g3 Qd1+ 49.Kg2 Qxd4 50.Qc8 Qe4+
51.Kh2 f5 52.Qf8+ Kh5 53.Rxd5 Qf3 54.Rd2 Rc7 55.Qxb4 e4 56.Qb2 e3 57.fxe3 Qxe3
58.Rg2 Rc4 59.Qe2+ Qxe2 60.Rxe2 Kg4 61.Rg7 g5 62.Rxh7  1-0

[Event "7th BayEM"]
[Site "Bad Wiessee GER"]
[Date "2003.11.09"]
[Round "2"]
[White "Hillenbrand,A"]
[Black "Rotstein,A"]
[Result "0-1"]
[WhiteElo "2174"]
[BlackElo "2533"]

1.e4 c5 2.c3 Nf6 3.e5 Nd5 4.Bc4 e6 5.Nf3 Nc6 6.O-O d6 7.d4 cxd4 8.cxd4 Nb6
9.Bb5 dxe5 10.Bxc6+ bxc6 11.Nxe5 c5 12.Qh5 Qc7 13.dxc5 Nd5 14.Re1 Bxc5 15.Nd3 Be7
16.Bg5 Bxg5 17.Qxg5 O-O 18.Nc3 Nxc3 19.Rac1 Qd8 20.Qxd8 Rxd8 21.Rxc3 Bb7
22.f3 Kf8 23.Kf2 a5 24.Ke3 Bd5 25.a3 g5 26.Rec1 Rab8 27.b4 axb4 28.axb4 Kg7
29.Rc7 Kf6 30.R1c5 Rb6 31.g3 Bxf3 32.Ne5 Bh5 33.Nd7+ Rxd7 34.Rxd7 Rxb4 35.Rc2 Rb3+
36.Kf2 Bg6  0-1

[Event "TCh-CZE Extraliga 2003-4"]
[Site "Czech Rep CZE"]
[Date "2003.11.09"]
[Round "2"]
[White "Movsesjanova,P"]
[Black "Vesselovsky,S"]
[Result "1/2-1/2"]
[WhiteElo "2270"]
[BlackElo "2409"]

1.e4 c5 2.c3 Nf6 3.e5 Nd5 4.d4 cxd4 5.Nf3 d6 6.cxd4 Nc6 7.Bc4 dxe5 8.Bxd5 Qxd5
9.Nc3 Qd6 10.d5 Nd4 11.Nxd4 exd4 12.Qxd4 e5 13.Qd3  1/2-1/2

[Event "ch-Europe Internet Blitz"]
[Site "playchess.com INT"]
[Date "2003.11.09"]
[Round "1.2"]
[White "Bjelajac,M"]
[Black "Panzalovic,S"]
[Result "0-1"]
[WhiteElo "2370"]
[BlackElo "2421"]

1.e4 c5 2.c3 Nf6 3.e5 Nd5 4.d4 cxd4 5.Nf3 e6 6.cxd4 b6 7.Nc3 Nxc3 8.bxc3 Qc7
9.Bd2 d6 10.Bd3 Nd7 11.exd6 Bxd6 12.O-O O-O 13.Qe2 Bb7 14.h3 Bf4 15.Bxf4 Qxf4
16.Qe3 Qxe3 17.fxe3 Rac8 18.Rac1 e5 19.Nxe5 Nxe5 20.dxe5 Rfe8 21.Rf5 g6 22.Rf4 Rxe5
23.Bc4 Rc7 24.Rcf1 Bd5 25.Bxd5 Rxd5 26.c4 Rdc5 27.Rd1 Rxc4 28.Rd8+ Kg7 29.Rxc4 Rxc4
30.Rd7 Ra4 31.Rd2 h5 32.Kf2 Kf6 33.Kf3 h4 34.Rc2 Kg5 35.Rd2 f5 36.Rc2 Ra3
37.Kf2 b5 38.Rd2 b4 39.Rc2 a5 40.Rd2 a4 41.Rc2 b3 42.axb3 axb3 43.Rc6 Ra2+
44.Kf3 Rc2 45.Rb6 b2 46.g3 hxg3 47.Kxg3 Kh5 48.Rb8 g5 49.Rb5 Kg6 50.Rb6+ Kf7
51.h4 g4 52.h5 Kg7 53.h6+ Kh7 54.Kf4 Rd2 55.Kg5 g3 56.Rb7+ Kh8 57.Rb8+ Kh7
58.Rb7+ Kg8 59.Rb8+ Kf7 60.Rb7+ Ke6 61.h7 g2 62.Rb6+ Rd6 63.Rxd6+ Kxd6 64.h8=Q g1=Q+
65.Kf6 b1=Q 66.Qd8+ Kc5 67.Qe7+ Kc4 68.Qe6+ Kc3 69.Qe5+ Kd2 70.Qd5+ Qd3 71.Qa2+ Kxe3
72.Qe6+ Kf3 73.Qc6+ Qe4 74.Qc3+ Qge3 75.Qc7 Qh6+ 76.Kf7 Qh7+ 77.Kf8 Qxc7  0-1